| 000 | 00583nam a2200205Ia 4500 | ||
|---|---|---|---|
| 005 | 20250508161036.0 | ||
| 008 | 008 250505s9999 xx 000 0 eng d | ||
| 037 | _aBooks to be hide in OPAC | ||
| 040 |
_aFEDL _beng _cFEDL |
||
| 041 |
_aeng _2eng |
||
| 084 |
_a611, BAI/O _qFEDL |
||
| 100 |
_aArmstrong Katharine F _9763150 |
||
| 245 | 0 | _aBaillier's Atlas of male anotomy | |
| 250 | _a5th | ||
| 260 |
_aLondon, UK _bBailliere, Tindall and Cassell |
||
| 300 | _a34p. | ||
| 700 |
_a Kidd Douglas J _9770083 |
||
| 942 |
_cHB _h611, BAI/O |
||
| 999 |
_c1368098 _d1368098 |
||